| 000 | 00908cam a22002175a 4500 | ||
|---|---|---|---|
| 001 | L140032 | ||
| 008 | 070830s2005 xxk f 000 0 eng d | ||
| 022 | 1 | _a14712032 | |
| 035 | _a(Sirsi) u140032 | ||
| 041 | 0 | _aeng | |
| 050 | 0 | 4 | _a690 $2 18 |
| 110 | 2 | _aBuilding Research Establishment | |
| 245 | 0 | 0 |
_aProfessional development plus _bCD38 Winter 2005 _h[electronic resource] |
| 260 |
_aWatford _bBRE Press _c2005 |
||
| 300 | _a1 CD-ROM | ||
| 505 | 2 | _aProfessional development series January-December 2005 -- Digests 492-497 -- Good building guides 64-66 -- Information papers 1/05-17/05 -- Index to all professional development publications -- BRE books January -December 2005 -- BRE trust reports January -December 2005 -- Special digest | |
| 520 | _aContains technical reports and guidance on good construction practice. | ||
| 651 | 4 |
_aUnited Kingdom _y |
|
| 690 | _aBUILT ENVIRONMENT | ||
| 942 | _n0 | ||
| 999 |
_c85451 _d85451 |
||